Contabilidad bancaria: (Registro nro. 9152)

Detalles MARC
000 -LEADER
fixed length control field 01476nam a2200217Ia 4500
005 - FECHA Y HORA DE LA ÚLTIMA TRANSACCIÓN
control field 20230906104858.0
008 - FIXED-LENGTH DATA ELEMENTS--GENERAL INFORMATION
fixed length control field 230903s9999 xx 000 0 und d
020 ## - INTERNATIONAL STANDARD BOOK NUMBER
International Standard Book Number 84-368-1726-5
040 ## - CATALOGING SOURCE
Original cataloging agency UPAN
Transcribing agency Biblioteca San Vicente
Description conventions RCAA2
041 ## - LANGUAGE CODE
Language code of text/sound track or separate title spa
082 ## - DEWEY DECIMAL CLASSIFICATION NUMBER
Classification number 658.8
Item number M375c
año de publicación 2003
100 ## - MAIN ENTRY--PERSONAL NAME
Personal name Marín Hernández, Salvador
Relator code aut.
245 #0 - TITLE STATEMENT
Title Contabilidad bancaria:
Remainder of title Financiera, de Gestión y Auditoria/
Statement of responsibility, etc Salvador Marín Hernández, Francisco Martínez García
260 ## - PUBLICATION, DISTRIBUTION, ETC. (IMPRINT)
Place of publication, distribution, etc España:
Name of publisher, distributor, etc Pirámide,
Date of publication, distribution, etc 2003
300 ## - PHYSICAL DESCRIPTION
Extent 383 p.;
Dimensions 24 cm.
505 ## - FORMATTED CONTENTS NOTE
Formatted contents note 1. La actividad de las entidades de crédito<br/>2. La normalización contable en las entidades de crédito<br/>3. El neto: Las fuentes de financiación propias<br/>4. el pasivo: Las fuentes de financiación ajenas denominadas "tradicionales"<br/>5. El pasivo: otros instrumentos de capacitación de recursos ajenos<br/>6. El activo: las inversiones en crédito<br/>7. El activo: la cartera de valores y otras inversiones <br/>8. Operaciones especificas<br/>9. La cuenta de resultados y los estados financieros consolidados<br/>10. El modelo de contabilidad de costes y de gestión en las entidades de crédito<br/>11. Información generada para la gestión<br/>12. La auditoria en las entidades de crédito: auditoria externa<br/>13. La auditoria en las entidades de crédito: auditoria interna
650 ## - SUBJECT ADDED ENTRY--TOPICAL TERM
Source of heading or term LEMB
General subdivision Bancos-Contabilidad
650 ## - SUBJECT ADDED ENTRY--TOPICAL TERM
Source of heading or term LEMB
General subdivision Auditoria
700 ## - ADDED ENTRY--PERSONAL NAME
Personal name Martínez García, Francisco Javier
Relator code aut.
942 ## - ADDED ENTRY ELEMENTS (KOHA)
Koha item type Libros
Source of classification or shelving scheme Dewey Decimal Classification
Existencias
Withdrawn status Lost status Source of classification or shelving scheme Damaged status Not for loan Collection code Home library Current library Date acquired Total Checkouts Full call number Barcode Date last seen Copy number Price effective from Koha item type
    Dewey Decimal Classification     Colección General Biblioteca UPAN San Vicente Biblioteca UPAN San Vicente 03/09/2023   658.8 M375c 12002844 03/09/2023 01 03/09/2023 Libros
    Dewey Decimal Classification     Colección General Biblioteca UPAN San Vicente Biblioteca UPAN San Vicente 06/09/2023   658.8 M375c 12002843 06/09/2023 02 06/09/2023 Libros
    Dewey Decimal Classification     Colección General Biblioteca UPAN San Vicente Biblioteca UPAN San Vicente 06/09/2023   658.8 M375c 12002842 06/09/2023 03 06/09/2023 Libros